History Quiz

Random History or College Quiz

No College Presidents Quiz Stats

 Plays Quiz Updated Oct 12, 2015

Score 0/9 Timer 02:00
0 Plays Today
President % Correct
George Washington
95.4%
Abraham Lincoln
81.2%
Andrew Jackson
78.9%
Andrew Johnson
68%
Zachary Taylor
59.2%
Martin Van Buren
56.9%
Harry Truman
51%
Grover Cleveland
48.1%
Millard Fillmore
47.7%

You're not logged in!

Compare scores with friends on all Sporcle quizzes.
OR
Log In

Sporcle TV

Today on Sporcle TV


Watch our educational content, quiz creation guides, and fun videos on Sporcle TV.

Show Comments

Extras

Top Quizzes Today


Score Distribution

Your Account Isn't Verified!

In order to create a playlist on Sporcle, you need to verify the email address you used during registration. Go to your Sporcle Settings to finish the process.

Report this User

Report this user for behavior that violates our Community Guidelines.

Details: